[Event "DEM U10w 2021"]
[Site "Willingen GER"]
[Date "2021.08.24"]
[Round "3"]
[White "Borck, Elena"]
[Black "Leistritz, Romina"]
[Result "0-1"]
[Termination "normal"]
[Board "16"]
[WhiteElo "775"]
[BlackElo "1047"]
[WhiteClock "01:09:45"]
[BlackClock "00:35:02"]
[PlyCount "90"]
[WhiteFideId "16275446"]
[EventCountry "GER"]
[EventRounds "11"]
[EventType "swiss"]
[EventDate "2021.08.22"]

1. c4 {[%clk 01:15:58]} {[%emt 00:00:02]} c5 {[%clk 01:15:50]} {[%emt
00:00:11]} 2. Nc3 {[%clk 01:16:18]} {[%emt 00:00:10]} Nc6 {[%clk 01:15:58]}
{[%emt 00:00:20]} 3. g3 {[%clk 01:16:35]} {[%emt 00:00:13]} Nf6 {[%clk
01:16:06]} {[%emt 00:00:23]} 4. Bg2 {[%clk 01:16:56]} {[%emt 00:00:09]} g6
{[%clk 01:16:06]} {[%emt 00:00:32]} 5. e3 {[%clk 01:17:15]} {[%emt 00:00:11]}
Bg7 {[%clk 01:16:24]} {[%emt 00:00:13]} 6. Nge2 {[%clk 01:17:34]} {[%emt
00:00:09]} d6 {[%clk 01:16:32]} {[%emt 00:00:23]} 7. d4 {[%clk 01:17:37]}
{[%emt 00:00:26]} b6 {[%clk 01:16:25]} {[%emt 00:00:38]} 8. O-O {[%clk
01:17:50]} {[%emt 00:00:15]} d5 {[%clk 01:16:15]} {[%emt 00:00:42]} 9. cxd5
{[%clk 01:18:05]} {[%emt 00:00:16]} Nxd5 {[%clk 01:15:33]} {[%emt 00:01:11]}
10. Nxd5 {[%clk 01:18:04]} {[%emt 00:00:31]} Be6 {[%clk 01:15:37]} {[%emt
00:00:25]} 11. Ndf4 {[%clk 01:18:12]} {[%emt 00:00:23]} Bf5 {[%clk 01:15:30]}
{[%emt 00:00:37]} 12. dxc5 {[%clk 01:18:07]} {[%emt 00:00:34]} bxc5 {[%clk
01:15:08]} {[%emt 00:00:53]} 13. Bd2 {[%clk 01:17:26]} {[%emt 00:01:11]} O-O
{[%clk 01:14:19]} {[%emt 00:01:19]} 14. Qe1 {[%clk 01:17:42]} {[%emt 00:00:13]}
Qd7 {[%clk 01:14:13]} {[%emt 00:00:35]} 15. Qc1 {[%clk 01:17:09]} {[%emt
00:01:04]} Qd6 {[%clk 01:12:38]} {[%emt 00:02:05]} 16. Bc3 {[%clk 01:16:58]}
{[%emt 00:00:41]} f6 {[%clk 01:12:00]} {[%emt 00:01:08]} 17. a3 {[%clk
01:17:00]} {[%emt 00:00:28]} g5 {[%clk 01:10:55]} {[%emt 00:01:35]} 18. Nh5
{[%clk 01:16:57]} {[%emt 00:00:33]} Bh6 {[%clk 01:10:37]} {[%emt 00:00:47]} 19.
Nd4 {[%clk 01:16:25]} {[%emt 00:01:04]} cxd4 {[%clk 01:10:26]} {[%emt
00:00:41]} 20. Bxd4 {[%clk 01:16:42]} {[%emt 00:00:13]} Qe6 {[%clk 01:08:36]}
{[%emt 00:02:19]} 21. Qc5 {[%clk 01:15:31]} {[%emt 00:01:41]} Bg4 {[%clk
01:07:52]} {[%emt 00:01:15]} 22. Nf4 {[%clk 01:14:55]} {[%emt 00:01:05]} gxf4
{[%clk 01:06:14]} {[%emt 00:02:08]} 23. exf4 {[%clk 01:15:09]} {[%emt
00:00:17]} Rac8 {[%clk 01:04:37]} {[%emt 00:02:06]} 24. Rfe1 {[%clk 01:14:35]}
{[%emt 00:01:04]} Ne5 {[%clk 00:59:47]} {[%emt 00:05:20]} 25. fxe5 {[%clk
01:14:30]} {[%emt 00:00:35]} Rxc5 {[%clk 00:57:27]} {[%emt 00:02:50]} 26. Bxc5
{[%clk 01:14:39]} {[%emt 00:00:22]} fxe5 {[%clk 00:57:35]} {[%emt 00:00:22]}
27. Bxa7 {[%clk 01:13:55]} {[%emt 00:01:14]} Bg7 {[%clk 00:51:14]} {[%emt
00:06:50]} 28. Rec1 {[%clk 01:13:11]} {[%emt 00:01:14]} e4 {[%clk 00:49:11]}
{[%emt 00:02:33]} 29. Rc5 {[%clk 01:13:01]} {[%emt 00:00:41]} Bf3 {[%clk
00:42:26]} {[%emt 00:07:14]} 30. Bh1 {[%clk 01:13:01]} {[%emt 00:00:31]} Bxh1
{[%clk 00:42:31]} {[%emt 00:00:25]} 31. Kf1 {[%clk 01:13:08]} {[%emt 00:00:22]}
e3 {[%clk 00:42:00]} {[%emt 00:01:01]} 32. Ke2 {[%clk 01:12:45]} {[%emt
00:00:53]} exf2+ {[%clk 00:39:40]} {[%emt 00:02:49]} 33. Kd2 {[%clk 01:12:28]}
{[%emt 00:00:50]} Qd7+ {[%clk 00:38:48]} {[%emt 00:01:19]} 34. Kc2 {[%clk
01:12:27]} {[%emt 00:00:32]} Qxa7 {[%clk 00:36:59]} {[%emt 00:02:19]} 35. Rc4
{[%clk 01:12:11]} {[%emt 00:00:45]} Qb7 {[%clk 00:36:14]} {[%emt 00:01:14]} 36.
b4 {[%clk 01:12:04]} {[%emt 00:00:39]} Bxa1 {[%clk 00:36:19]} {[%emt 00:00:24]}
37. Rg4+ {[%clk 01:11:28]} {[%emt 00:01:06]} Bg7 {[%clk 00:35:52]} {[%emt
00:00:56]} 38. Kb3 {[%clk 01:11:25]} {[%emt 00:00:34]} f1=Q {[%emt 00:00:46]}
39. Kc2 {[%clk 01:09:33]} {[%emt 00:02:06]} Qf5+ {[%clk 00:35:01]} {[%emt
00:01:20]} 40. Kb3 {[%clk 01:09:35]} {[%emt 00:00:28]} Qxg4 {[%clk 00:35:14]}
{[%emt 00:00:17]} 41. Ka4 {[%clk 01:09:12]} {[%emt 00:00:53]} Qa6+ {[%clk
00:35:05]} {[%emt 00:00:39]} 42. Kb3 {[%clk 01:09:25]} {[%emt 00:00:16]} Bd5+
{[%clk 00:34:58]} {[%emt 00:00:37]} 43. Kc2 {[%clk 01:09:38]} {[%emt 00:00:18]}
Qxa3 {[%clk 00:34:44]} {[%emt 00:00:45]} 44. b5 {[%clk 01:09:27]} {[%emt
00:00:40]} Qe2+ {[%clk 00:34:48]} {[%emt 00:00:24]} 45. Kb1 {[%clk 01:09:45]}
{[%emt 00:00:13]} Qab2# {[%clk 00:35:02]} {[%emt 00:00:15]} 0-1

[Event "DEM U10w 2021"]
[Site "Willingen GER"]
[Date "2021.08.24"]
[Round "3"]
[White "Marrufo, Leandra"]
[Black "Rößler, Helena"]
[Result "0-1"]
[Termination "normal"]
[Board "17"]
[WhiteElo "755"]
[BlackElo "1123"]
[WhiteClock "00:38:14"]
[BlackClock "00:37:56"]
[PlyCount "76"]
[WhiteFideId "34630260"]
[BlackFideId "16266692"]
[EventCountry "GER"]
[EventRounds "11"]
[EventType "swiss"]
[EventDate "2021.08.22"]

1. e4 {[%clk 01:15:55]} {[%emt 00:00:03]} e5 {[%clk 01:15:58]} {[%emt
00:00:04]} 2. Nf3 {[%clk 01:16:11]} {[%emt 00:00:14]} Nc6 {[%clk 01:16:21]}
{[%emt 00:00:08]} 3. Bc4 {[%clk 01:16:30]} {[%emt 00:00:11]} Bc5 {[%clk
01:16:43]} {[%emt 00:00:08]} 4. c3 {[%clk 01:16:49]} {[%emt 00:00:11]} Nf6
{[%clk 01:16:51]} {[%emt 00:00:22]} 5. d4 {[%clk 01:17:04]} {[%emt 00:00:14]}
exd4 {[%clk 01:17:09]} {[%emt 00:00:12]} 6. e5 {[%clk 01:17:22]} {[%emt
00:00:12]} Ng4 {[%clk 01:16:04]} {[%emt 00:01:35]} 7. cxd4 {[%clk 01:17:13]}
{[%emt 00:00:39]} Bb4+ {[%clk 01:15:03]} {[%emt 00:01:32]} 8. Bd2 {[%clk
01:17:30]} {[%emt 00:00:13]} Bxd2+ {[%clk 01:13:39]} {[%emt 00:01:54]} 9. Nbxd2
{[%clk 01:17:34]} {[%emt 00:00:26]} O-O {[%clk 01:11:39]} {[%emt 00:02:30]} 10.
h3 {[%clk 01:17:42]} {[%emt 00:00:21]} Nh6 {[%clk 01:11:35]} {[%emt 00:00:34]}
11. O-O {[%clk 01:16:32]} {[%emt 00:00:23]} Nf5 {[%clk 01:05:53]} {[%emt
00:07:31]} 12. Bd3 {[%clk 01:15:22]} {[%emt 00:01:37]} Nfxd4 {[%clk 01:03:14]}
{[%emt 00:03:11]} 13. Qe1 {[%clk 01:13:19]} {[%emt 00:02:25]} d6 {[%clk
00:58:03]} {[%emt 00:05:50]} 14. Qe4 {[%clk 01:11:09]} {[%emt 00:02:19]} Bf5
{[%clk 00:57:49]} {[%emt 00:01:04]} 15. Qe1 {[%clk 01:09:50]} {[%emt 00:01:16]}
Bxd3 {[%clk 00:57:54]} {[%emt 00:00:59]} 16. Qe3 {[%clk 01:04:23]} {[%emt
00:05:47]} Nxf3+ {[%clk 00:55:58]} {[%emt 00:02:36]} 17. Nxf3 {[%clk 01:03:10]}
{[%emt 00:01:41]} Bxf1 {[%clk 00:53:50]} {[%emt 00:02:39]} 18. Rxf1 {[%clk
01:03:07]} {[%emt 00:00:32]} dxe5 {[%clk 00:54:01]} {[%emt 00:00:21]} 19. h4
{[%clk 01:02:46]} {[%emt 00:00:51]} Nd4 {[%clk 00:51:48]} {[%emt 00:02:43]} 20.
Ng5 {[%clk 00:59:34]} {[%emt 00:03:25]} h6 {[%clk 00:50:12]} {[%emt 00:02:22]}
21. Ne4 {[%clk 00:56:11]} {[%emt 00:03:51]} Qxh4 {[%clk 00:46:47]} {[%emt
00:03:58]} 22. g3 {[%clk 00:52:34]} {[%emt 00:04:04]} Qd8 {[%clk 00:45:23]}
{[%emt 00:01:57]} 23. Nc3 {[%clk 00:51:35]} {[%emt 00:01:28]} Qg5 {[%clk
00:44:10]} {[%emt 00:01:42]} 24. Qe4 {[%clk 00:50:17]} {[%emt 00:01:48]} Qf5
{[%clk 00:43:54]} {[%emt 00:00:47]} 25. Qd5 {[%clk 00:48:44]} {[%emt 00:02:00]}
Nf3+ {[%clk 00:43:49]} {[%emt 00:00:38]} 26. Kg2 {[%clk 00:47:14]} {[%emt
00:01:59]} Rad8 {[%clk 00:43:27]} {[%emt 00:00:53]} 27. Qxb7 {[%clk 00:46:06]}
{[%emt 00:01:38]} Rd3 {[%clk 00:43:11]} {[%emt 00:00:46]} 28. Qxa7 {[%clk
00:44:54]} {[%emt 00:01:41]} Qh5 {[%clk 00:41:40]} {[%emt 00:02:02]} 29. Rc1
{[%clk 00:43:15]} {[%emt 00:02:08]} Qh2+ {[%clk 00:41:39]} {[%emt 00:00:31]}
30. Kf1 {[%clk 00:42:24]} {[%emt 00:01:18]} Qg1+ {[%clk 00:42:03]} {[%emt
00:00:09]} 31. Ke2 {[%clk 00:41:44]} {[%emt 00:01:01]} Qxc1 {[%clk 00:41:54]}
{[%emt 00:00:50]} 32. Kxd3 {[%clk 00:41:49]} {[%emt 00:00:24]} Rd8+ {[%clk
00:41:30]} {[%emt 00:00:54]} 33. Kc4 {[%clk 00:41:35]} {[%emt 00:00:44]} Qf1+
{[%clk 00:41:22]} {[%emt 00:00:38]} 34. Kb3 {[%clk 00:39:44]} {[%emt 00:03:28]}
Nd2+ {[%clk 00:42:13]} {[%emt 00:01:18]} 35. Kb4 {[%clk 00:39:08]} {[%emt
00:01:06]} Qc4+ {[%clk 00:42:09]} {[%emt 00:00:32]} 36. Ka5 {[%clk 00:38:59]}
{[%emt 00:00:41]} Qc6 {[%clk 00:37:35]} {[%emt 00:04:50]} 37. a3 {[%clk
00:39:07]} {[%emt 00:00:37]} Ra8 {[%clk 00:37:38]} {[%emt 00:00:19]} 38. b4
{[%clk 00:38:14]} {[%emt 00:01:30]} Rxa7# {[%clk 00:37:56]} {[%emt 00:00:12]}
0-1

[Event "DEM U10w 2021"]
[Site "Willingen GER"]
[Date "2021.08.24"]
[Round "3"]
[White "Funke, Luise"]
[Black "Müller, Ariana"]
[Result "0-1"]
[Termination "normal"]
[Board "18"]
[WhiteElo "737"]
[BlackElo "1006"]
[WhiteClock "01:06:00"]
[BlackClock "00:17:56"]
[PlyCount "78"]
[WhiteFideId "34623752"]
[BlackFideId "34615024"]
[EventCountry "GER"]
[EventRounds "11"]
[EventType "swiss"]
[EventDate "2021.08.22"]

1. e4 {[%clk 01:15:58]} e5 {[%clk 01:15:56]} {[%emt 00:00:05]} 2. Nf3 {[%clk
01:16:23]} {[%emt 00:00:05]} Nc6 {[%clk 01:16:16]} {[%emt 00:00:10]} 3. Bc4
{[%clk 01:16:45]} {[%emt 00:00:08]} Bc5 {[%clk 01:15:30]} {[%emt 00:01:15]} 4.
c3 {[%clk 01:17:09]} {[%emt 00:00:08]} Nf6 {[%clk 01:13:35]} {[%emt 00:02:24]}
5. d4 {[%clk 01:17:32]} {[%emt 00:00:08]} exd4 {[%clk 01:13:49]} {[%emt
00:00:14]} 6. cxd4 {[%clk 01:17:53]} {[%emt 00:00:10]} Bb4+ {[%emt 00:06:09]}
7. Bd2 {[%clk 01:18:00]} {[%emt 00:00:19]} Bxd2+ {[%clk 01:07:50]} {[%emt
00:00:56]} 8. Qxd2 {[%clk 01:18:20]} {[%emt 00:00:10]} Nxe4 {[%clk 01:06:08]}
{[%emt 00:02:11]} 9. Qc2 {[%clk 01:18:24]} {[%emt 00:00:26]} d5 {[%clk
01:00:57]} {[%emt 00:05:41]} 10. Bd3 {[%clk 01:17:56]} {[%emt 00:00:58]} Bf5
{[%clk 00:57:39]} {[%emt 00:03:48]} 11. Nc3 {[%clk 01:18:05]} {[%emt 00:00:21]}
Qe7 {[%clk 00:56:32]} {[%emt 00:01:36]} 12. O-O {[%clk 01:18:05]} {[%emt
00:00:31]} Nb4 {[%clk 00:55:52]} {[%emt 00:01:11]} 13. Bb5+ {[%clk 01:17:49]}
{[%emt 00:00:46]} c6 {[%clk 00:55:35]} {[%emt 00:00:46]} 14. Bd3 {[%clk
01:17:16]} {[%emt 00:01:02]} Nxc2 {[%clk 00:52:20]} {[%emt 00:03:46]} 15. Bxc2
{[%clk 01:17:35]} {[%emt 00:00:10]} O-O {[%clk 00:52:34]} {[%emt 00:00:17]} 16.
h3 {[%clk 01:17:41]} {[%emt 00:00:23]} Nxc3 {[%clk 00:49:09]} {[%emt 00:03:55]}
17. Bxf5 {[%clk 01:17:38]} {[%emt 00:00:33]} Ne2+ {[%clk 00:47:22]} {[%emt
00:02:17]} 18. Kh1 {[%clk 01:17:48]} {[%emt 00:00:19]} Rae8 {[%clk 00:46:08]}
{[%emt 00:01:37]} 19. Rfe1 {[%clk 01:16:43]} {[%emt 00:01:43]} Qf6 {[%clk
00:44:10]} {[%emt 00:02:27]} 20. Bd7 {[%clk 01:16:17]} {[%emt 00:00:57]} Ng3+
{[%clk 00:42:51]} {[%emt 00:01:47]} 21. Kh2 {[%clk 01:16:06]} {[%emt 00:00:42]}
Rxe1 {[%clk 00:42:13]} {[%emt 00:01:09]} 22. Rxe1 {[%clk 01:16:26]} {[%emt
00:00:10]} Ne4 {[%clk 00:41:38]} {[%emt 00:01:05]} 23. Kg1 {[%clk 01:15:39]}
{[%emt 00:01:16]} Qd6 {[%clk 00:39:08]} {[%emt 00:02:59]} 24. Bg4 {[%clk
01:14:31]} {[%emt 00:01:39]} h6 {[%clk 00:37:04]} {[%emt 00:02:33]} 25. Ne5
{[%clk 01:12:20]} {[%emt 00:02:42]} f6 {[%clk 00:32:39]} {[%emt 00:04:55]} 26.
Ng6 {[%clk 01:11:42]} {[%emt 00:01:08]} Re8 {[%clk 00:31:29]} {[%emt 00:01:35]}
27. Bf5 {[%clk 01:11:24]} {[%emt 00:00:52]} Kf7 {[%clk 00:26:29]} {[%emt
00:05:30]} 28. Nh4 {[%clk 01:11:04]} {[%emt 00:00:51]} Re7 {[%clk 00:25:41]}
{[%emt 00:01:18]} 29. Bg6+ {[%clk 01:10:56]} {[%emt 00:00:38]} Kf8 {[%clk
00:25:28]} {[%emt 00:00:41]} 30. Nf5 {[%clk 01:10:52]} {[%emt 00:00:35]} Qf4
{[%clk 00:24:27]} {[%emt 00:01:32]} 31. Rf1 {[%clk 01:10:36]} {[%emt 00:00:46]}
Re6 {[%clk 00:23:07]} {[%emt 00:01:49]} 32. g3 {[%clk 01:07:31]} {[%emt
00:03:35]} Qf3 {[%clk 00:22:46]} {[%emt 00:00:50]} 33. Nh4 {[%clk 01:07:26]}
{[%emt 00:00:36]} Qe2 {[%clk 00:21:31]} {[%emt 00:01:42]} 34. Bf5 {[%clk
01:07:17]} {[%emt 00:00:42]} Nd2 {[%clk 00:19:21]} {[%emt 00:02:38]} 35. Bxe6
{[%clk 01:06:58]} {[%emt 00:00:51]} Qxf1+ {[%clk 00:19:19]} {[%emt 00:00:31]}
36. Kh2 {[%clk 01:07:05]} {[%emt 00:00:24]} Qxf2+ {[%clk 00:19:14]} {[%emt
00:00:34]} 37. Kh1 {[%clk 01:07:25]} {[%emt 00:00:11]} Nf1 {[%clk 00:18:32]}
{[%emt 00:01:12]} 38. Ng6+ {[%clk 01:07:01]} {[%emt 00:00:54]} Ke8 {[%clk
00:18:19]} {[%emt 00:00:39]} 39. Nf4 {[%clk 01:06:00]} {[%emt 00:01:36]} Qh2#
{[%clk 00:17:56]} {[%emt 00:00:19]} 0-1

[Event "DEM U10w 2021"]
[Site "Willingen GER"]
[Date "2021.08.24"]
[Round "3"]
[White "Ruddat, Maila"]
[Black "Frydel, Helena"]
[Result "1/2-1/2"]
[Termination "normal"]
[Board "19"]
[WhiteElo "729"]
[BlackElo "966"]
[WhiteClock "00:13:12"]
[BlackClock "00:25:42"]
[PlyCount "146"]
[WhiteFideId "34628100"]
[BlackFideId "16266536"]
[EventCountry "GER"]
[EventRounds "11"]
[EventType "swiss"]
[EventDate "2021.08.22"]

1. e4 {[%clk 01:15:56]} {[%emt 00:00:03]} e5 {[%clk 01:15:53]} {[%emt
00:00:08]} 2. Nf3 {[%clk 01:16:08]} {[%emt 00:00:18]} Nf6 {[%clk 01:16:17]}
{[%emt 00:00:06]} 3. Nxe5 {[%clk 01:15:49]} {[%emt 00:00:47]} d6 {[%clk
01:16:40]} {[%emt 00:00:07]} 4. Nf3 {[%clk 01:15:38]} {[%emt 00:00:41]} Nxe4
{[%clk 01:17:02]} {[%emt 00:00:09]} 5. Nc3 {[%clk 01:15:28]} {[%emt 00:00:40]}
Nxc3 {[%clk 01:17:20]} {[%emt 00:00:11]} 6. dxc3 {[%clk 01:15:36]} {[%emt
00:00:21]} Be7 {[%clk 01:15:58]} {[%emt 00:01:53]} 7. Be3 {[%clk 01:15:18]}
{[%emt 00:00:48]} Nc6 {[%clk 01:12:33]} {[%emt 00:03:56]} 8. Qd2 {[%clk
01:15:20]} {[%emt 00:00:27]} O-O {[%clk 01:09:30]} {[%emt 00:03:30]} 9. O-O-O
{[%clk 01:15:28]} {[%emt 00:00:26]} Bg4 {[%clk 01:07:57]} {[%emt 00:02:02]} 10.
Bd3 {[%clk 01:15:12]} {[%emt 00:00:42]} Re8 {[%clk 01:04:49]} {[%emt 00:03:42]}
11. h3 {[%clk 01:11:47]} {[%emt 00:01:47]} Bh5 {[%clk 01:04:23]} {[%emt
00:03:02]} 12. g4 {[%clk 01:11:57]} {[%emt 00:00:22]} Bg6 {[%clk 01:04:27]}
{[%emt 00:00:23]} 13. h4 {[%clk 01:11:37]} {[%emt 00:00:53]} h5 {[%clk
01:01:00]} {[%emt 00:03:57]} 14. Bxg6 {[%clk 01:11:17]} {[%emt 00:00:49]} fxg6
{[%clk 01:00:15]} {[%emt 00:01:15]} 15. g5 {[%clk 01:10:25]} {[%emt 00:01:23]}
Rf8 {[%clk 00:59:04]} {[%emt 00:01:39]} 16. Qd5+ {[%clk 01:05:46]} {[%emt
00:14:48]} Kh8 {[%clk 00:54:33]} {[%emt 00:05:02]} 17. Nd4 {[%clk 01:04:43]}
{[%emt 00:01:33]} Qd7 {[%clk 00:48:37]} {[%emt 00:06:27]} 18. Nxc6 {[%clk
01:04:14]} {[%emt 00:00:58]} Qxc6 {[%clk 00:46:54]} {[%emt 00:02:13]} 19. Qxc6
{[%clk 01:04:25]} {[%emt 00:00:19]} bxc6 {[%clk 00:47:11]} {[%emt 00:00:14]}
20. Rde1 {[%clk 01:03:54]} {[%emt 00:01:00]} d5 {[%clk 00:43:43]} {[%emt
00:04:00]} 21. Bd2 {[%clk 01:01:33]} {[%emt 00:02:50]} Bc5 {[%clk 00:39:00]}
{[%emt 00:05:15]} 22. Be3 {[%clk 00:57:16]} {[%emt 00:04:45]} Bxe3+ {[%clk
00:37:09]} {[%emt 00:02:21]} 23. Rxe3 {[%clk 00:57:07]} {[%emt 00:00:39]} Rxf2
{[%clk 00:35:05]} {[%emt 00:02:33]} 24. Re7 {[%clk 00:54:55]} {[%emt 00:02:43]}
Rc8 {[%clk 00:34:13]} {[%emt 00:01:22]} 25. Re6 {[%clk 00:53:16]} {[%emt
00:02:04]} c5 {[%clk 00:32:21]} {[%emt 00:02:27]} 26. Rc6 {[%clk 00:52:44]}
{[%emt 00:01:02]} c4 {[%clk 00:32:25]} {[%emt 00:00:26]} 27. Rc5 {[%clk
00:52:30]} {[%emt 00:00:42]} c6 {[%clk 00:31:21]} {[%emt 00:01:35]} 28. Ra5
{[%clk 00:50:43]} {[%emt 00:02:16]} Rc7 {[%clk 00:30:14]} {[%emt 00:01:39]} 29.
Re1 {[%clk 00:50:02]} {[%emt 00:01:09]} Rf8 {[%clk 00:29:29]} {[%emt 00:01:16]}
30. Re6 {[%clk 00:47:34]} {[%emt 00:02:58]} Rb8 {[%clk 00:28:18]} {[%emt
00:01:41]} 31. Ra6 {[%clk 00:44:28]} {[%emt 00:03:31]} Rb6 {[%clk 00:28:04]}
{[%emt 00:00:51]} 32. Rxb6 {[%clk 00:43:22]} {[%emt 00:01:35]} axb6 {[%clk
00:28:19]} {[%emt 00:00:15]} 33. Re8+ {[%clk 00:41:56]} {[%emt 00:01:49]} Kh7
{[%clk 00:28:25]} {[%emt 00:00:31]} 34. b3 {[%clk 00:39:47]} {[%emt 00:02:38]}
Ra7 {[%clk 00:26:37]} {[%emt 00:02:20]} 35. bxc4 {[%emt 00:00:31]} Rxa2 {[%emt
00:00:30]} 36. cxd5 {[%clk 00:38:33]} {[%emt 00:00:41]} cxd5 {[%clk 00:26:46]}
{[%emt 00:00:22]} 37. Rd8 {[%emt 00:01:19]} Ra4 {[%emt 00:01:09]} 38. Rxd5
{[%clk 00:35:29]} {[%emt 00:01:05]} Rxh4 {[%clk 00:27:01]} {[%emt 00:00:15]}
39. Rb5 {[%clk 00:35:24]} {[%emt 00:00:33]} Rc4 {[%clk 00:27:08]} {[%emt
00:00:26]} 40. Rxb6 {[%emt 00:00:38]} Rxc3 {[%emt 00:00:11]} 41. Rb3 {[%clk
00:34:16]} {[%emt 00:00:47]} Rc5 {[%clk 00:27:15]} {[%emt 00:00:24]} 42. Rg3
{[%clk 00:34:21]} {[%emt 00:00:24]} h4 {[%clk 00:27:20]} {[%emt 00:00:25]} 43.
Rh3 {[%emt 00:00:46]} Rxg5 {[%emt 00:00:23]} 44. Rxh4+ {[%clk 00:32:43]} {[%emt
00:00:57]} Kg8 {[%clk 00:27:36]} {[%emt 00:00:17]} 45. c3 {[%clk 00:30:24]}
{[%emt 00:04:46]} Kf7 {[%clk 00:27:38]} {[%emt 00:00:26]} 46. Kd2 {[%clk
00:30:40]} {[%emt 00:00:13]} Ke6 {[%clk 00:27:02]} {[%emt 00:01:07]} 47. Kd3
{[%clk 00:30:24]} {[%emt 00:00:37]} Rh5 {[%clk 00:26:17]} {[%emt 00:04:42]} 48.
Re4+ {[%emt 00:01:15]} Re5 {[%emt 00:00:47]} 49. Rxe5+ {[%clk 00:28:17]} {[%emt
00:00:33]} Kxe5 {[%clk 00:26:41]} {[%emt 00:00:08]} 50. c4 {[%clk 00:27:57]}
{[%emt 00:00:45]} Kd6 {[%clk 00:27:05]} {[%emt 00:00:11]} 51. Kd4 {[%clk
00:27:57]} {[%emt 00:00:30]} Kc6 {[%clk 00:25:33]} {[%emt 00:02:03]} 52. c5
{[%clk 00:28:09]} {[%emt 00:00:17]} Kc7 {[%clk 00:25:25]} {[%emt 00:00:37]} 53.
Kd5 {[%clk 00:28:22]} {[%emt 00:00:19]} Kd7 {[%clk 00:25:37]} {[%emt 00:00:18]}
54. c6+ {[%clk 00:28:25]} {[%emt 00:00:26]} Kc7 {[%clk 00:25:35]} {[%emt
00:00:32]} 55. Kc5 {[%clk 00:28:32]} {[%emt 00:00:23]} g5 {[%clk 00:25:28]}
{[%emt 00:00:38]} 56. Kd5 {[%emt 00:00:22]} g4 {[%emt 00:00:26]} 57. Ke4 {[%clk
00:27:48]} {[%emt 00:00:25]} g3 {[%clk 00:25:47]} {[%emt 00:00:12]} 58. Kf3
{[%clk 00:27:36]} {[%emt 00:00:42]} Kxc6 {[%clk 00:26:10]} {[%emt 00:00:07]}
59. Kxg3 {[%clk 00:26:24]} {[%emt 00:01:40]} Kd6 {[%clk 00:26:31]} {[%emt
00:00:09]} 60. Kg4 {[%clk 00:25:11]} {[%emt 00:01:44]} Ke6 {[%clk 00:26:57]}
{[%emt 00:00:05]} 61. Kg5 {[%clk 00:23:40]} {[%emt 00:01:58]} Kf7 {[%clk
00:27:22]} {[%emt 00:00:07]} 62. Kg4 {[%clk 00:22:31]} {[%emt 00:01:39]} Kf6
{[%clk 00:27:35]} {[%emt 00:00:17]} 63. Kg3 {[%emt 00:01:17]} Kf5 {[%emt
00:00:11]} 64. Kg2 {[%clk 00:20:08]} {[%emt 00:01:24]} g5 {[%clk 00:27:59]}
{[%emt 00:00:06]} 65. Kg1 {[%clk 00:18:46]} {[%emt 00:01:51]} Kf4 {[%clk
00:28:23]} {[%emt 00:00:07]} 66. Kg2 {[%emt 00:00:48]} g4 {[%emt 00:00:07]} 67.
Kg1 {[%clk 00:17:19]} {[%emt 00:01:03]} g3 {[%clk 00:28:42]} {[%emt 00:00:10]}
68. Kg2 {[%clk 00:16:58]} {[%emt 00:00:51]} Kg4 {[%clk 00:29:03]} {[%emt
00:00:09]} 69. Kg1 {[%clk 00:16:10]} {[%emt 00:01:17]} Kh4 {[%clk 00:26:27]}
{[%emt 00:03:07]} 70. Kg2 {[%clk 00:15:28]} {[%emt 00:01:11]} Kg4 {[%clk
00:26:06]} {[%emt 00:00:52]} 71. Kg1 {[%clk 00:13:54]} {[%emt 00:02:04]} Kf3
{[%clk 00:26:26]} {[%emt 00:00:10]} 72. Kf1 {[%clk 00:13:12]} {[%emt 00:01:11]}
g2+ {[%clk 00:25:42]} {[%emt 00:01:15]} 73. Kg1 {[%emt 00:00:33]} Kg3 {[%emt
00:02:12]} 1/2-1/2